02234nam a2200289Ia 450000500170000000800410001702000180005804000080007605000200008410000440010424501400014826000390028830000230032733700100035033800140036033900120037450000440038650000590043050000560048950510990054565000250164465000260166994200070169595201090170295201160181199900170192720231102151447.0121028s1999 mx a f 000 0 spa d a968-426-833-5 aRDA aRC488 G66 1999 aGONZÁLEZ Núñez, José de Jesús aPsicoterapia de gruposb: Teoría y técnica a partir de diferentes escuelas psicológicasc/ José de Jesús González Núñez aMéxicob: Manual Modernoc, 1999 axii, 262 páginas atexto asin medio avolumen aIncluye índice y bibliografía p.253 aPlan Flexible / Lic. en Psicología / P22 / 14 003780 aPlan Mixto / Lic. en Psicología / P22 / 14 005156 aPrólogo Introducción I. GRUPO TERAPÉUTICO Y PSICOTERAPIA DE GRUPO 1. Descripción del grupo terapéutico 2. Breve historia de la psicoterapia de grupo II. PSICOTERAPIAS DE APOYO 3. Introducción a las psicoterapias de apoyo 4. Concepto y técnica de psicoterapias de apoyo aplicadas al grupo III. PSICOTERAPIAS REEDUCATIVAS 5. Introducción a las psicoterapias reeducativas 6. Teoría y técnica de la terapia conductual aplicada al grupo 7. Teoría y técnica de la terapia racional emotiva aplicada al grupo 8. Teoría y técnica de la terapia gastalt aplicada al grupo 9. Díaz Guerrero: la contextualización 10. Teoría y técnica de la terapia estructural-sistemica aplicada al grupo 11. Teoría y técnica de la terapia centrada en el cliente aplicada al grupo IV. PSICOTERAPIAS RECONSTRUCTIVAS 12. Introducción a las psicoterapias reconstructivas 13. Wilfred Bion 14. Samuel Richard Slavson 15. Sigmundo Heinrich Foulkes y James Anthony 16. Henri Ezriel 17. Jacob Moreno V. LA CORRIENTE MEXICANA 18. José Cueli 19. Agustín Palacios 20. Héctor Prado Huante aPSICOTERAPIAvGRUPOS aGESTALTvPSICOLOGÍA cLB 00104070a14b14d2010-12-08l1oRC488 G66 1999p14 003780r2016-08-25s2016-08-24t1w2012-10-28yLB 00102lcc4070a14b14d2014-02-04l7m1oRC488 G66 1999p14 005156r2018-07-10s2018-07-09t2w2014-05-09yLB c85883d85883